| 000 | 01272nam a2200253 a 4500 | ||
|---|---|---|---|
| 005 | 20260319064214.0 | ||
| 008 | 050425s2001 mx 000 0 spa d | ||
| 020 | _a9706548009 | ||
| 035 | _aUPN01000139534 | ||
| 049 | _aCG | ||
| 050 | 4 |
_aLB2331 _bR7.3 |
|
| 100 | 1 |
_aRueda Beltrán, Mario _935271 |
|
| 245 | 1 | 0 |
_aEvaluar para comprender y mejorar la docencia en la educación superior / _cMario Rueda Beltrán, Frida Díaz-Barriga Arceo, Mónica Díaz Pontones. |
| 260 |
_aMéxico : _bUNAM : _bUAM, _c2001. |
||
| 300 |
_a266 p. : _bcuadros |
||
| 440 | 0 |
_aCultura Universitaria. _pEnsayo ; _v71 |
|
| 500 | _a"Los trabajos aquí presentados formaron parte del II Coloquio Internacional "La Evaluación de la Docencia" realizado los dias 15,16 y 17 de noviembre del 2000, en la ciudad de Oaxaca, bajo el patrocinio de la Universidad Autónoma Benito Juárez de Oaxaca, Universidad Autónoma Metropolitana y el Centro de Estudios Sobre la Universidad de la Universidad Nacional Autónoma de México" | ||
| 650 | 7 |
_aEducación superior _vCongresos _2 _97384 |
|
| 650 | 4 |
_aMaestros universitarios _9894 |
|
| 650 | 4 |
_aEvaluación del docente _95198 |
|
| 700 | 1 |
_aDíaz Barriga, Frida, _d1955- _ecoaut. _930592 |
|
| 700 | 1 |
_aDíaz Pontones, Mónica, _ecoaut. |
|
| 905 | _aLibro | ||
| 999 |
_c111682 _d111682 |
||